00768 a2200181 4500020001500000040001300015082001500028100002200043245007200065260004900137300003400186440004400220650003300264650002300297856009800320856009000418856007800508 a0471224111 aDLCbDLC00a621.3810451 aOsche, Gregory R.10aOptical detection theory for laser applications cGregory R. Osche. aHoboken, N.J. :bWiley-Interscience,cc2002. axii, 412 p. :bill. ;c24 cm. 0aWiley series in pure and applied optics 0aLaser communication systems. 0aOptical detectors.423Contributor biographical informationuhttp://www.loc.gov/catdir/bios/wiley044/2002071322.html423Publisher descriptionuhttp://www.loc.gov/catdir/description/wiley037/2002071322.html423Table of contentsuhttp://www.loc.gov/catdir/toc/wiley023/2002071322.html